| 000 | 00357nam a22001457a 4500 | ||
|---|---|---|---|
| 999 |
_c11285 _d11285 |
||
| 003 | OSt | ||
| 008 | 220609b ||||| |||| 00| 0 eng d | ||
| 082 | _a005.4 AHP | ||
| 100 | _a AHO,Alfred V | ||
| 245 | _aPrinciples of Compiler Design | ||
| 260 |
_aNew Delhi _b Narosa Publication House _c2002 |
||
| 300 | _a612 | ||
| 650 | _aB.Tech(CSE) | ||
| 942 |
_2ddc _cBK |
||